Every NASCAR Cup Series Track (Modern Era) - Statistics

General Stats
  • This quiz has been taken 156 times
    92 since last reset
  • The average score is 25 of 42
Answer Stats
Years Active Track % Correct
1959-pres. Daytona International Speedway
98%
1961-pres. Bristol Motor Speedway
88%
1969-pres. Talladega Superspeedway
88%
1957, 1964–1965, 1986–2019, 2021–present) Watkins Glen International
84%
1960-pres. Charlotte Motor Speedway
82%
1989-pres. (except 2020) Sonoma Raceway
82%
1950-pres. Darlington Raceway
80%
1999-pres. Homestead-Miami Speedway
80%
1960-pres. EchoPark Speedway (Atlanta)
78%
1994-2020, 2024-pres. Indianapolis Motor Speedway
78%
2001-2019, 2026 Chicagoland Speedway
76%
1988-pres. Phoenix Raceway
76%
2021-pres. Circuit of the Americas
73%
1948-pres. Martinsville Speedway
73%
1997-2023 Auto Club Speedway
71%
2023-2025 Chicago Street Course
71%
1998-pres. Las Vegas Motor Speedway
71%
1997-pres. Texas Motor Speedway
71%
2001-pres. Kansas Speedway
67%
1949-1996, 2026-pres. (points), 2023-2025 (exhibition) North Wilkesboro Speedway
67%
2021-pres. Nashville Superspeedway
63%
1993-pres. New Hampshire Motor Speedway
63%
2025 Autódromo Hermanos Rodríguez
61%
1969-2025 (points),2026-pres. (exhibition) Dover Motor Speedway
61%
2011-2020 Kentucky Speedway
59%
1969-pres. Michigan International Speedway
59%
1953, 1955-pres. (except 2020) Richmond Raceway
57%
1956, 2021-2022 Road America
57%
2024-pres. Iowa Speedway
53%
1971-pres. Pocono Raceway
53%
2018-pres. Charlotte Motor Speedway Roval
49%
2026 Naval Base Coronado
45%
1965-2004 Rockingham Speedway
43%
2022-pres. Worldwide Technology Raceway (Gateway)
41%
2021-2023 Indianapolis RC
37%
2020-21 Daytona Road Course
33%
1958, 1961, 1963-1988 Riverside International Raceway
31%
2021-2023 Bristol Dirt
22%
1969, 1971-1973, 1979-1981 Texas World Speedway
14%
1974-1980 Ontario Motor Speedway
12%
1958-1984 Nashville Fairgrounds
10%
1958-1959, 1967-1972 Trenton Speedway
4%
No matching quizzes found
Score Distribution
Percent of People with Each Score
Percentile by Number Answered
Your Score History
You have not taken this quiz since the last reset